000 00393nab a2200133Ia 4500
003 ES-SlBCS
005 20210601131729.0
008 140529s1952 xxu||||| |||| 00| 0 fre d
041 _afre
100 1 _aDelavignette, Robert
_936169
245 0 0 _aSommes-nous subitement devenus fous
_c Robert Delavignette
773 0 _tVie Intelectuelle (La)
_gnº. 3, 1952, págs. 98-102
_wRev907
942 _cAR
999 _c567795
_d567795